000 00895nam a2200289 i 4500
001 19248
003 ES-MaACL
005 20230906152040.0
007 t|
008 020607s2002 sp ||||1| spa d
020 _a84-8307-450-8
080 _a297:32(5-191.2)
080 _a297.17(5-191.2)
100 1 _aRashid, Ahmed.
_995486
245 1 0 _aYihad
_b: el auge del islamismo en Asia Central /
_cAhmed Rashid ; traducción de Emilio Gómez Vega.
250 _a1ª ed.
260 _aBarcelona :
_bPenínsula,
_c2002.
300 _a313 p. :
_bmapas ;
_c23 cm.
490 1 _aAtalaya ;
_v90
650 1 4 _aIslamismo y política-
_zAsia Central.
_913918
650 4 _aIntegrismo musulmán-
_yAsia Central.
_913846
650 4 _aYihad.
_913264
700 1 _aGómez Vega, Emilio.
_958185
830 0 _aAtalaya ;
_v90
_9180261
852 _aES-MaACL
_jL-25682
_bR.131373
999 _c19248
_d19248